000 00808cam a2200181 4500
001 WS122800
008 030627n 000 0 eng u
035 _a(Sirsi) u122800
110 _aDepartment for Education
_91637
245 _aDepartment for Education
_h[electronic resource]
520 _aWeb site for this UK government department which deals with educational issues both for children and adult learners. Includes pages aimed at employers showing how to develop business by investing in the workforce and information specifically aimed at adult learners.
650 _aGOVERNMENT
650 _aHIGHER EDUCATION
650 _aEMPLOYERS
690 _aCAREERS, EDUCATION AND TRAINING
856 4 0 _uhttps://www.education.gov.uk/
_zView the website free of charge at www.education.gov.uk
942 _n0
999 _c120296
_d120296